header

Loss and grief (Record no. 229378)

MARC details
000 -LEADER
fixed length control field 01287nam a2200349 a 4500
100 1# - MAIN ENTRY--AUTHOR NAME
Personal name Wright, Bob.
245 10 - TITLE STATEMENT
Title Loss and grief
250 ## - EDITION STATEMENT
Edition statement New updated ed.
260 ## - PUBLICATION, DISTRIBUTION, ETC. (IMPRINT)
Place of publication Keswick [England] :
Name of publisher M&K Update,
Year of publication 2007.
300 ## - PHYSICAL DESCRIPTION
Number of Pages ix, 59 p.
500 ## - GENERAL NOTE
General note First published 1992.
505 0# - FORMATTED CONTENTS NOTE
Formatted contents note Separation and loss -- Grief -- Dying -- Bereavement and loss.
650 #0 - SUBJECT ADDED ENTRY--TOPICAL TERM
Topical Term Bereavement
Topical Term Grief.
Topical Term Loss (Psychology)
Topical Term Separation (Psychology)
856 40 - ELECTRONIC LOCATION AND ACCESS
Uniform Resource Identifier http://site.ebrary.com/lib/rucke/Doc?id=10459609

No items available.

© 2026 Rongo University
Contact us: librarian | system librarian | Rongo university